The ancient inhabitants of the Canary Islands /
Main Author:
Format: Book
Language: English
Published:
Cambridge, Mass. :
Peabody Museum of Harvard University,
1925.
Series:
Harvard African Studies ;
7.
HAS ;
7.
Subjects:
Tags: Add Tag
Call Number: DT1 .H3 v.7
| LEADER | 00923namaa2200265 4500 | ||
|---|---|---|---|
| 001 | 15899 | ||
| 003 | OSt | ||
| 005 | 20260315075809.0 | ||
| 008 | 130303s1925 mauaf b 000 0 eng d | ||
| 040 | |c ARCE Library | ||
| 043 | |a lnca--- | ||
| 050 | 4 | |a DT1 .H3 v.7 | |
| 100 | 1 | |a Hooton, Earnest Albert, |d 1887-1954, |e author |9 32234 | |
| 245 | 1 | 4 | |a The ancient inhabitants of the Canary Islands / |c by Earnest A. Hooton. |b |
| 264 | 1 | |a Cambridge, Mass. : |b Peabody Museum of Harvard University, |c 1925. | |
| 300 | |a xxv, 401 pages, 39 leaves of plates : |b illustrations, tables, diagrams ; |c 29 cm. | ||
| 490 | 0 | |a Harvard African Studies ; |v 7. | |
| 490 | 0 | |a HAS ; |v 7. | |
| 504 | |a Includes bibliographical references (pages 397-401) | ||
| 650 | 0 | |a Ethnology |z Canary Islands. | |
| 650 | 0 | |a Craniology |z Canary Islands. | |
| 651 | 0 | |a Canary Islands |x Antiquities. |9 18363 | |
| 901 | |a reviewed | ||
| 942 | |c BK |2 lcc | ||
| 999 | |c 15669 |d 15669 | ||
